Europe by Borders - Statistics

General Stats
  • This quiz has been taken 43 times
  • The average score is 40 of 45
Answers on the Map
Answers color-coded by a green-red scale on the quiz's map according to % correct below.
 
Answer Stats
Answer % Correct
Andorra
100%
France
100%
Germany
100%
Italy
100%
Spain
100%
Switzerland
100%
Belarus
96%
Belgium
96%
Luxembourg
96%
Poland
96%
Portugal
96%
Russia
96%
Ukraine
96%
Bulgaria
92%
Denmark
92%
Finland
92%
Hungary
92%
Lithuania
92%
Monaco
92%
North Macedonia
92%
Norway
92%
Romania
92%
United Kingdom
92%
Austria
88%
Bosnia and Herzegovina
88%
Croatia
88%
Czechia
88%
Ireland
88%
Kosovo
88%
Montenegro
88%
Serbia
88%
Slovakia
88%
Sweden
88%
Albania
84%
Greece
84%
Latvia
84%
Netherlands
84%
Slovenia
84%
Vatican City
84%
Liechtenstein
80%
Moldova
80%
San Marino
80%
Estonia
76%
Iceland
72%
Malta
64%
No matching quizzes found
Score Distribution
Percent of People with Each Score
Percentile by Number Answered
Your Score History
You have not taken this quiz